00582nam a2200193Ia 450000500170000000800410001701600140005804000170007205000150008908200120010410000230011624500630013926000570020230000300025956300100028965000250029965000350032465000290035920241210130937.0210303s9999 xx 000 0 und d 2reto2022b aNLNbEnglish aDP192b.H4 a946.054 aHERR, Richardeaut 4aThe eighteenth century revolution in Spain /cRichard Herr aPrinceton N. J. :bPrinceton University Press,c1958 a454p. :billus., ; 22cm. a(pbk) aEnlightenmentvSpain aSpainvHistoryxBourbons, 1700 aSpainvIntellectual life